000 00769na a2200241 4500
001 18475
003 MIRAKIL
005 20181213155037.0
008 161118b tu 000 0
040 _aMilas
_btur
_cTR-AnCHP
041 _atur
082 _a338.9
_bB37b 1991
090 _a338.9 B37b 1991
111 _aBeş Yıllık Kalkınma Planı
_d1990-1994
_n6.
245 _a1994 Yılı programı
_cDevlet Planlama Teşkilatı (DPT)
260 _aAnkara
_bDPT
_c1991
300 _a399 s.
_btbl.
_c23 sm.
610 _aDevlet Planlama Teşkilatı (DPT)
_xKalkınma planları
650 _aKalkınma planı
_d1990-1994
_xProgramlar, 1991
651 _aTürkiye
_xBeş yıllık kalkınma planları
710 _aDevlet Planlama Teşkilatı (DPT)
942 _2ddc
_cBKS
999 _c5459
_d5459